Epidemiological of fasciolosis of cattle in oral district kompong speu province, ការរាតត្បាតនៃជំងឺបង្កដោយហ្វាស្យូឡា លើសត្វគោនៅស្រុកឱរ៉ាល ខេត្តកំពង់ស្ពឺ (Record no. 2155)
[ view plain ]
| 000 -LEADER | |
|---|---|
| fixed length control field | 00650nam a22001577a 4500 |
| 003 - CONTROL NUMBER IDENTIFIER | |
| control field | OSt |
| 005 - DATE AND TIME OF LATEST TRANSACTION | |
| control field | 20151007150323.0 |
| 008 - FIXED-LENGTH DATA ELEMENTS--GENERAL INFORMATION | |
| fixed length control field | 151007b xxu||||| |||| 00| 0 eng d |
| 040 ## - CATALOGING SOURCE | |
| Transcribing agency | RUA |
| 082 ## - DEWEY DECIMAL CLASSIFICATION NUMBER | |
| Classification number | AVM KON 2006 B0756 Or.1 |
| 100 ## - MAIN ENTRY--PERSONAL NAME | |
| 9 (RLIN) | 2286 |
| Personal name | KONG, BUNSIANG. |
| 245 ## - TITLE STATEMENT | |
| Title | Epidemiological of fasciolosis of cattle in oral district kompong speu province, ការរាតត្បាតនៃជំងឺបង្កដោយហ្វាស្យូឡា លើសត្វគោនៅស្រុកឱរ៉ាល ខេត្តកំពង់ស្ពឺ |
| 260 ## - PUBLICATION, DISTRIBUTION, ETC. (IMPRINT) | |
| Place of publication, distribution, etc. | Phnom Penh |
| Name of publisher, distributor, etc. | RUA |
| Date of publication, distribution, etc. | 2006 |
| 300 ## - PHYSICAL DESCRIPTION | |
| Extent | 37p. |
| Other physical details | ill. |
| Dimensions | 29cm. |
| 942 ## - ADDED ENTRY ELEMENTS (KOHA) | |
| Source of classification or shelving scheme | |
| Koha item type | AVM |
| Price effective from | Date last seen | Permanent Location | Not for loan | Date acquired | Source of classification or shelving scheme | Koha item type | Lost status | Withdrawn status | Date last checked out | Total Checkouts | Shelving location | Damaged status | Barcode | Current Location | Full call number |
|---|---|---|---|---|---|---|---|---|---|---|---|---|---|---|---|
| 2015-10-07 | 2019-01-04 | Library Block B | 2015-10-07 | AVM | 2018-12-28 | 1 | B076 | RUA007760 | Library Block B | AVM KON 2006 B0756 Or.1 | |||||
| 2015-10-07 | 2019-02-18 | Library Block B | 2015-10-07 | AVM | 2019-02-16 | 1 | B076 | RUA007646 | Library Block B | AVM KON 2006 B0756 Or.2 | |||||
| 2015-10-07 | 2019-01-04 | Library Block B | 2015-10-07 | AVM | 2018-12-28 | 1 | B076 | RUA007867 | Library Block B | AVM KON 2006 B0756 Or.3 | |||||
| 2015-10-07 | 2015-10-07 | Library Block B | 2015-10-07 | AVM | B076 | RUA007795 | Library Block B | AVM KON 2006 B0756 Or.4 | |||||||
| 2019-03-11 | 2019-03-11 | Library Block B | 2019-03-11 | AVM | B1.222 | RUA007705 | Library Block B | AVM KON 2006 B1.222 Or.1 |